000 00854nas a2200265 4500
001 BR2013004931
003 BR-BrBNA
005 20231205122516.0
007 ta
008 230509b bl.|||p| |||| 00| 00por d
040 _aBR-BrBNA
_bpor
_cBiblioteca Nacional de Agricultura
041 _a(Pt)
072 _aP34
100 1 _aFoli-Pereira, M. da S.
100 1 _aMeira-Haddad, L.S.
100 1 _aBazzolli, D.M.S.
100 1 _aKasuya, M.C.
245 1 _aMicorriza arbuscular e a tolerância das plantas
650 _aMICORRIZA VESICULAR ARBUSCULAR
650 _aBIOLOGIA DO SOLO
773 0 _tRevista Brasileira de Ciência do Solo (Brazil)
_xISSN 0100-0683
_g(Nov-Dec 2012), v. 36(6) p. 1663-1679
_wBR2013004931
856 4 0 _uhttp://www.scielo.br/pdf/rbcs/v36n6/01.pdf
909 _a202311
_bLúcia
_c55
_dLúcia Elande
942 _2AGRIS
_n0
_cANA
999 _c229018
_d229018